Normal view
MARC view
Entry Personal Name
001 - CONTROL NUMBER
- control field: 68791
003 - CONTROL NUMBER IDENTIFIER
- control field: OSt
005 - DATE AND TIME OF LATEST TRANSACTION
- control field: 20170824123455.0
008 - FIXED-LENGTH DATA ELEMENTS
- fixed length control field: 170824|| aca||aabn | a|a d
040 ## - CATALOGING SOURCE
- Original cataloging agency: OSt
- Transcribing agency: OSt
100 ## - HEADING--PERSONAL NAME
- Personal name: Hussain,M.A.Mohammad
670 ## - SOURCE DATA FOUND
- Source citation: Work cat.: (OSt): Hussain,M.A.Mohammad, T.Janakiraman, 2013









